La sociedad decente.

Bibliographic Details
Main Author: Margalit, Avishai
Format: Libro
Language:English
Published: Barcelona, España Paidós 1997
Edition:1a.ed.
Series:Paidós estado y sociedad
Subjects:
Online Access:

MARC

LEADER 00000cam a2200000 a 4500
001 003543
003 UAHC_CL
005 20170803115940.0
008 010822b xx j 000 1 eng
020 |a 8449304717 
040 |a UAHC_CL  |c UAHC_CL  |d UAHC_CL 
082 0 4 |a 301.24 M327s 
100 1 |a Margalit, Avishai 
245 1 3 |a La sociedad decente. 
250 |a 1a.ed. 
260 |b Paidós  |c 1997  |a Barcelona, España 
300 |a 222 p. 
490 0 |a Paidós estado y sociedad 
650 4 |a SOCIEDAD 
650 4 |x ENSAYOS  |a CAMBIO SOCIAL 
650 4 |a ENSAYOS 
650 4 |a JUSTICIA SOCIAL 
900 |a 301.24 MAR 
942 |c BK 
952 |0 0  |1 0  |4 0  |6 301_240000000000000_MAR  |7 0  |8 General  |9 7928  |a BC  |b BC  |c General  |d 2017-08-03  |l 0  |o 301.24 MAR  |p 1306573  |r 2026-01-07 00:00:00  |t 1  |w 2017-08-03  |y BK 
999 |c 3543  |d 3543